000 00298nam a22001337a 4500
008 180315b xxu||||| |||| 00| 0 eng d
020 _a9781111970611
041 _aeng
080 _a330.101.542 GWA
100 _a52
101 _aMIK
245 _aMicroeconomics
_cGwartney,J.D
942 _2udc
_cBK
999 _c45124
_d45124